| 000 | 00566nam a2200229Ia 4500 | ||
|---|---|---|---|
| 008 | 171025s9999 xx 000 0 und d | ||
| 020 | _a9780545861120 | ||
| 050 | _a6.7 | ||
| 050 | _bM114 2015 | ||
| 100 | _aMcAllister, Jen | ||
| 245 | _aReally professional internet person / | ||
| 245 | _cby Jen McAllister. | ||
| 260 | _aNew York : | ||
| 260 | _bScholastic, | ||
| 260 | _c2015 | ||
| 300 | _a237 pages : | ||
| 300 | _bcolored illustrations ; | ||
| 300 | _c23cm. | ||
| 650 | _aVideo blogs -- | ||
| 650 | _xJuvenile literature. | ||
| 700 | _aTitle. | ||
| 999 |
_c344911 _d344911 |
||